000
00248nam a2200097Ia 4500
001
1253364
005
20251031150952.0
008
251031s9999 xx 000 0 und d
245
0
_c
ERHAN AKMAN
_a
Y-4 SELÇUKLU BACISI
260
_b
ÇINARALTI YAYINLARI
999
_c
1253364
_d
1253364